|
|
|
|
| LEADER |
02225nam a2200529 a 4500 |
| 001 |
mzk03001201362 |
| 003 |
CZ BrMZK |
| 005 |
20161016104824.0 |
| 007 |
ta |
| 008 |
140623s1815 gw f |||| 0 lat d |
| 040 |
|
|
|a BOA001
|b cze
|
| 041 |
0 |
|
|a lat
|a grc
|
| 043 |
|
|
|a e-gr---
|a e------
|a ff-----
|a aw-----
|
| 072 |
|
7 |
|a 821.124.09
|x Latinská literatura, latinsky psaná (o ní)
|2 Konspekt
|9 11
|
| 072 |
|
7 |
|a 094.5
|x Tisky (19. století)
|2 Konspekt
|9 12
|
| 080 |
|
|
|a 821.124’01-3
|2 MRF
|
| 080 |
|
|
|a 025.171
|2 MRF
|
| 080 |
|
|
|a 94(38)
|2 MRF
|
| 080 |
|
|
|a 94(37)
|2 MRF
|
| 100 |
1 |
|
|a Ruhnken, David,
|d 1723-1798
|7 mzk2009511404
|4 aut
|
| 245 |
1 |
0 |
|a C. Velleii Paterculi Historiae Romanae libri duo. Textu recognito, insigniore lectionum varietate, indicibusque adiectis edidit Arminius Heimartus Cludius S.S. Theologiae doctor, superintendens Hildesiensis. Additae sunt Dav. Ruhnkenii Notae Integrae
|
| 246 |
3 |
|
|a Historiae Romanae libri duo
|
| 246 |
3 |
|
|a Notae ad C. Velleium Paterculum integrae
|
| 246 |
3 |
0 |
|a Notae Integrae
|
| 260 |
|
|
|a Hannoverae :
|b apud fratres Hahn,
|c 1815
|
| 300 |
|
|
|a VIII, 222, [2] s. ;
|c 8°
|
| 500 |
|
|
|a Titulní strana tištěna majuskulou
|
| 510 |
3 |
|
|a Suchmaschine des Österreichischen Bibliothekenverbundes
|
| 546 |
|
|
|a V latinském textu řecká slova
|
| 561 |
|
|
|a Provenience: [razítko] B.D.
|
| 563 |
|
|
|a Polousňová vazba se zlaceným hřbetem, žlutá ořízka
|
| 650 |
|
7 |
|a latinská starověká próza
|7 ph136864
|2 czenas
|
| 650 |
|
7 |
|a historické knihovní fondy
|7 ph172933
|2 czenas
|
| 651 |
|
7 |
|a starověké Řecko
|y dějiny
|7 ge131513
|2 czenas
|
| 651 |
|
7 |
|a starověký Řím
|x dějiny
|7 ge131512
|2 czenas
|
| 700 |
1 |
|
|a Velleius Paterculus, Gaius,
|d 19 př. Kr.-30 po Kr.
|7 jn19990210646
|4 ant
|
| 700 |
1 |
|
|a Cludius, Hermann Heimart,
|d 1754-1835
|7 mzk2016930101
|4 edt
|
| 856 |
4 |
1 |
|u https://imageserver.mzk.cz/mzk03/001/201/362/328100211975.titul.jp2
|y Titulní list
|
| 910 |
|
|
|e BOE950
|c R - V. II. c. 37
|
| 978 |
|
|
|b Hahn (bratří)
|a Hannover
|c 1815
|
| 981 |
0 |
|
|a B. D.
|
| 984 |
|
|
|a Hannover
|b Německo
|
| 985 |
|
|
|a 1801-1850
|
| 990 |
|
|
|a BK
|
| 996 |
|
|
|e BOE950
|c R - V. II. c. 37
|
| 991 |
|
|
|k rajhrad
|
| 980 |
|
|
|c 211975
|g R - V. II. c. 37
|1 328100211975
|p BNr. 20280
|